000 00431nam a2200145Ia 4500
008 100204s9999 xx 000 0 und d
082 _b11443
100 _aकदम बा.
245 _aपै पाव्हणे
260 _b"मधुर पब्लिकेशन , पुणे 2"
_c1987 2
300 _a146
630 _aपै पाव्हणे
730 _aपै पाव्हणे
942 _cBOOK
999 _c455879
_d455876